Introduction to Berkeley UNIX (Record no. 77971)

MARC details
000 -LEADER
fixed length control field 00351nam a2200145Ia 4500
008 - FIXED-LENGTH DATA ELEMENTS--GENERAL INFORMATION
fixed length control field 230917s9999||||xx |||||||||||||| ||und||
040 ## - CATALOGING SOURCE
-- 25830
Original cataloging agency VIVEKANANDA LIBRARY
041 ## - Language
-- English
082 ## - DDC NUMBER
Classification number 005.43 W185I
100 ## - MAIN ENTRY--PERSONAL NAME
Personal name Wang, Paul S
245 #0 - TITLE STATEMENT
Title Introduction to Berkeley UNIX
260 ## - PUBLICATION, DISTRIBUTION, ETC. (IMPRINT)
Place of publication, distribution, etc Belmont
Name of publisher, distributor, etc Wadsworth
Date of publication, distribution, etc 1988
300 ## - PHYSICAL DESCRIPTION
Pages xv, 512 p.
942 ## - ADDED ENTRY ELEMENTS (KOHA)
Koha item type Books
Holdings
Withdrawn status Lost status Damaged status Not for loan Location (home branch) Sublocation or collection (holding branch) Shelving location Date acquired Koha issues (times borrowed) Koha full call number Accession No. Koha date last seen Koha item type
        VIVEKANANDA LIBRARY VIVEKANANDA LIBRARY UIET Library 29/08/2002   005.43 W185I 153815 17/09/2023 Books
© Designed and Maintained by Vivekananda Library, MDU Rohtak